[Event "Qingdao SCO Teams 5th"]
[Site "Qingdao"]
[Date "2023.12.18"]
[Round "6.2"]
[White "Karimov, Alisher"]
[Black "Amilal, Munkhdalai"]
[Result "0-1"]
[WhiteElo "2279"]
[BlackElo "2388"]
[PlyCount "112"]
[EventDate "2023.12.17"]
[EventType "team-tourn (rapid)"]
[EventRounds "9"]
[EventCountry "CHN"]
[SourceTitle "CB52_2023"]
[SourceDate "2023.12.27"]
[SourceVersion "1"]
[SourceVersionDate "2023.12.27"]
[SourceQuality "1"]
[WhiteTeam "Tajikistan"]
[BlackTeam "Mongolia"]
[WhiteTeamCountry "TJK"]
[BlackTeamCountry "MGL"]

1. Nf3 Nf6 2. c4 e6 3. e3 b6 4. Nc3 Bb7 5. b3 d5 6. Bb2 Nbd7 7. Qc2 Be7 8. cxd5 exd5 9. d4 0-0 10. Bd3 Re8 11. 0-0 Bf8 12. Rac1 a6 13. Rfd1 Bd6 14. Ne2 Ne4 15. Ng3 g6 16. Bxe4 dxe4 17. Ne5 Nf6 18. Nc4 Bxg3 19. hxg3 Bd5 20. Ne5 Rc8 21. Qe2 a5 22. Rc3 Re6 23. Rdc1 Ne8 24. Qg4 f6 25. Nc4 c6 26. Qf4 b5 27. Nd2 Ng7 28. g4 Qe8 29. R3c2 g5 30. Qh2 Qg6 31. Nf1 h5 32. gxh5 Nxh5 33. Rc5 Rce8 34. Bc3 f5 35. Bxa5 Nf6 36. Bc7 Ng4 37. Qg3 R6e7 38. Be5 Qh5 39. Nh2 Rh7 40. a4 Rxe5 41. dxe5 Nxh2 42. Rxd5 Nf3+ 43. Kf1 Qh1+ 44. Ke2 Qxc1 45. Rd8+ Kg7 46. gxf3 exf3+ 47. Qxf3 Rh1 48. Qxf5 Qf1+ 49. Kf3 Rh3+ 50. Ke4 Rh4+ 51. f4 Qb1+ 52. Rd3 Qh1+ 53. Kd4 Qd5+ 54. Kc3 Qc5+ 55. Kd2 Rh2+ 56. Kd1 Qc2+ 0-1

[Event "Qingdao SCO Teams 5th"]
[Site "Qingdao"]
[Date "2023.12.18"]
[Round "9.11"]
[White "Mosadeghpour, Masoud"]
[Black "Karimov, Alisher"]
[Result "1-0"]
[WhiteElo "2473"]
[BlackElo "2279"]
[PlyCount "81"]
[EventDate "2023.12.17"]
[EventType "team-tourn (rapid)"]
[EventRounds "9"]
[EventCountry "CHN"]
[SourceTitle "CB52_2023"]
[SourceDate "2023.12.27"]
[SourceVersion "1"]
[SourceVersionDate "2023.12.27"]
[SourceQuality "1"]
[WhiteTeam "Iran"]
[BlackTeam "Tajikistan"]
[WhiteTeamCountry "IRI"]
[BlackTeamCountry "TJK"]

1. e4 e5 2. Nf3 Nc6 3. Bb5 Nf6 4. 0-0 Nxe4 5. Re1 Nd6 6. Nxe5 Be7 7. Bf1 Nxe5 8. Rxe5 0-0 9. d4 Bf6 10. Re1 Re8 11. Bf4 Rxe1 12. Qxe1 Ne8 13. Nc3 Bxd4 14. Bd3 Bxc3 15. Qxc3 d5 16. Re1 Be6 17. Qe5 c5 18. c3 Qd7 19. Re3 g6 20. h4 Rd8 21. Bg5 Rc8 22. h5 Qc7 23. hxg6 hxg6 24. Bxg6 Qxe5 25. Rxe5 Kg7 26. Bd3 Nd6 27. Bf4 Ne4 28. c4 Nf6 29. Rg5+ Kf8 30. Bd6+ Ke8 31. cxd5 Nxd5 32. Bb5+ Rc6 33. Bxc6+ bxc6 34. Bxc5 a6 35. Rg8+ Kd7 36. Ra8 Nc7 37. Ra7 Kc8 38. a4 Bc4 39. Bd6 Ne8 40. Be5 Kd8 41. f3 1-0

[Event "Qingdao SCO Teams 5th"]
[Site "Qingdao"]
[Date "2023.12.17"]
[Round "5.14"]
[White "Karimov, Alisher"]
[Black "Matlakov, Maxim"]
[Result "1/2-1/2"]
[WhiteElo "2279"]
[BlackElo "2670"]
[PlyCount "88"]
[EventDate "2023.12.17"]
[EventType "team-tourn (rapid)"]
[EventRounds "9"]
[EventCountry "CHN"]
[SourceTitle "CB52_2023"]
[SourceDate "2023.12.27"]
[SourceVersion "1"]
[SourceVersionDate "2023.12.27"]
[SourceQuality "1"]
[WhiteTeam "Tajikistan"]
[BlackTeam "Russia"]
[WhiteTeamCountry "TJK"]
[BlackTeamCountry "RUS"]

1. d4 Nf6 2. c4 e6 3. g3 Bb4+ 4. Bd2 Be7 5. Nf3 d5 6. Bg2 Nbd7 7. Qc2 0-0 8. 0-0 c6 9. Rd1 a5 10. Bf4 a4 11. Ne5 Qa5 12. Bd2 Qa6 13. e3 Nxe5 14. dxe5 Nd7 15. cxd5 exd5 16. Bc3 b5 17. a3 Nb6 18. e4 Bg4 19. Re1 Rad8 20. exd5 Nxd5 21. Bd2 c5 22. Nc3 Nxc3 23. Bxc3 b4 24. Bd2 b3 25. Qc1 c4 26. Bf1 Qc8 27. Ba5 Rd5 28. Bb4 Bxb4 29. axb4 Rfd8 30. h3 Bxh3 31. Bxc4 Rd2 32. Bf1 Qf5 33. Qc5 Bxf1 34. Rxf1 Rxb2 35. Rxa4 Rb1 36. Rxb1 Qxb1+ 37. Kh2 b2 38. Qd5 Rf8 39. Ra8 g6 40. Rxf8+ Kxf8 41. Qd8+ Kg7 42. Qf6+ Kg8 43. Qd8+ Kg7 44. Qf6+ Kg8 1/2-1/2

[Event "FIDE World Cup"]
[Site "Baku"]
[Date "2023.07.31"]
[Round "1.2"]
[White "Liang, Awonder"]
[Black "Karimov, Alisher"]
[Result "1/2-1/2"]
[WhiteElo "2649"]
[BlackElo "2273"]
[PlyCount "130"]
[EventDate "2023.07.30"]
[EventType "k.o."]
[EventRounds "8"]
[EventCountry "AZE"]
[SourceTitle "EXT 2024"]
[Source "ChessBase"]
[SourceDate "2023.10.10"]
[SourceVersion "1"]
[SourceVersionDate "2023.10.10"]
[SourceQuality "1"]

1. c4 Nf6 2. Nc3 e5 3. Nf3 Nc6 4. g3 Bb4 5. Bg2 0-0 6. 0-0 Bxc3 7. bxc3 d6 8. Rb1 Rb8 9. d3 Bg4 10. h3 Bd7 11. e4 Ne8 12. Nh4 Ne7 13. f4 c6 14. c5 dxc5 15. fxe5 Be6 16. Be3 b6 17. Qc2 Nc7 18. d4 Qc8 19. g4 Ng6 20. Nf5 Qa6 21. Rf2 Qa3 22. Qc1 Nb5 23. Qxa3 Nxa3 24. Rd1 Nc4 25. Bc1 cxd4 26. cxd4 c5 27. d5 Bxf5 28. exf5 Ngxe5 29. f6 Rfe8 30. fxg7 Nd6 31. Bf4 Rbd8 32. Bg5 Rc8 33. Bf4 Rcd8 34. Re2 Ng6 35. Rxe8+ Nxe8 36. Bg3 Nd6 37. h4 Kxg7 38. h5 Ne7 39. Re1 Nec8 40. g5 Re8 41. Be5+ Kg8 42. Kf2 Nc4 43. Bf4 Rxe1 44. Kxe1 N8d6 45. Bf1 b5 46. Kd1 Ne4 47. Kc2 a6 48. Bd3 Ncd6 49. Kc1 c4 50. Bc2 b4 51. Be5 a5 52. Kd1 h6 53. gxh6 f5 54. Kc1 Kh7 55. Bf4 Nb5 56. Kb2 Nd4 57. Bxe4 fxe4 58. d6 a4 59. d7 a3+ 60. Kb1 Nc6 61. Bc1 Kg8 62. Ka1 Kh7 63. Kb1 Kg8 64. Ka1 Kh7 65. Kb1 Kg8 1/2-1/2

[Event "FIDE World Cup"]
[Site "Baku"]
[Date "2023.07.30"]
[Round "1.1"]
[White "Karimov, Alisher"]
[Black "Liang, Awonder"]
[Result "0-1"]
[WhiteElo "2273"]
[BlackElo "2649"]
[PlyCount "106"]
[EventDate "2023.07.30"]
[EventType "k.o."]
[EventRounds "8"]
[EventCountry "AZE"]
[SourceTitle "EXT 2024"]
[Source "ChessBase"]
[SourceDate "2023.10.10"]
[SourceVersion "1"]
[SourceVersionDate "2023.10.10"]
[SourceQuality "1"]

1. d4 Nf6 2. c4 e6 3. g3 d5 4. Nf3 Bb4+ 5. Bd2 Be7 6. Bg2 0-0 7. 0-0 Nbd7 8. Qc2 c6 9. Bf4 b6 10. Nbd2 Nh5 11. Be3 Bb7 12. Rfd1 Bd6 13. Ng5 Nhf6 14. Bf4 Bxf4 15. gxf4 Rc8 16. Rac1 h6 17. Ngf3 c5 18. Qb1 Qe7 19. dxc5 bxc5 20. cxd5 exd5 21. e3 Qe6 22. b4 d4 23. f5 Qe7 24. Re1 cxb4 25. Nxd4 Bxg2 26. Kxg2 Ne5 27. Rxc8 Rxc8 28. Rc1 Rd8 29. Qc2 Nd5 30. N2f3 Nxf3 31. Nxf3 a5 32. Qc5 Qe4 33. Rc4 Qxf5 34. h3 Re8 35. Qc6 Nf6 36. Rf4 Qg6+ 37. Rg4 Nxg4 38. Qxe8+ Kh7 39. Kf1 Nf6 40. Qe5 Qe4 41. Qxe4+ Nxe4 42. Ne5 a4 43. Nd3 b3 44. axb3 axb3 45. Ke2 Nc5 46. Nb2 Kg6 47. Kf3 Kg5 48. Kg3 Ne4+ 49. Kf3 f5 50. Nc4 g6 51. Kg2 Kh4 52. f3 Ng5 53. Ne5 Nxh3 0-1

[Event "MSU Interuniversity Cup"]
[Site "Moscow RUS"]
[Date "2023.05.17"]
[Round "8.4"]
[White "Shihaliev, Orazali"]
[Black "Karimov, Alisher"]
[Result "0-1"]
[WhiteElo "1854"]
[BlackElo "2278"]
[PlyCount "136"]
[EventDate "2023.05.15"]
[EventType "team (rapid)"]
[EventRounds "9"]
[EventCountry "RUS"]
[SourceTitle "CBM 214 Extra"]
[Source "ChessBase"]
[SourceDate "2023.07.31"]
[SourceVersion "1"]
[SourceVersionDate "2023.07.31"]
[SourceQuality "1"]
[WhiteTeam "Turkmenistan"]
[BlackTeam "Tajikistan"]
[WhiteTeamCountry "TKM"]
[BlackTeamCountry "TJK"]

1. Nf3 f5 2. g3 Nf6 3. Bg2 g6 4. 0-0 Bg7 5. d4 d6 6. c4 c6 7. Nc3 0-0 8. d5 cxd5 9. cxd5 Na6 10. Nd4 Nc5 11. Nb3 Nce4 12. Nxe4 Nxe4 13. Qc2 Bd7 14. Bxe4 Rc8 15. Qd3 fxe4 16. Qxe4 Bf5 17. Qg2 Rc2 18. e4 Bg4 19. Be3 Qc8 20. Rac1 Bf3 21. Rxc2 Qxc2 22. Qh3 Qxe4 23. Qe6+ Qxe6 24. dxe6 Bd5 25. Nd4 Rc8 26. a3 a6 27. Re1 Rc4 28. Rd1 Bf6 29. h4 Rc8 30. Re1 b5 31. Rd1 Bxd4 32. Bxd4 Bxe6 33. Re1 Kf7 34. Bc3 Bf5 35. f4 Rc4 36. Kf2 Ra4 37. Rd1 Rc4 38. Rd4 Rc6 39. Rd2 h5 40. Ke3 Ke6 41. Kf2 Rc7 42. Ke3 Rc8 43. Kf2 Be4 44. Rd4 Kf5 45. Rd2 Rf8 46. Ke3 Bb7 47. Kf2 Kg4 48. Bg7 Rf7 49. Bh6 Be4 50. Bg5 d5 51. Rd1 e5 52. Ke3 Bf3 53. Re1 e4 54. Rg1 Rc7 55. Bf6 Rc2 56. Bc3 Kh3 57. Kd4 Kh2 58. Re1 Kxg3 59. Kxd5 Kxh4 60. Rg1 Bg2 61. Kd4 Kg3 62. Ke3 h4 63. Be5 Kg4 64. Rd1 h3 65. f5 Kxf5 66. Bg3 Bf3 67. Rd5+ Kg4 68. Bf4 Re2+ 0-1

[Event "Titled Tuesday intern op 16th May Late"]
[Site "Chess.com INT"]
[Date "2023.05.16"]
[Round "7"]
[White "Karimov, Alisher"]
[Black "Mickiewicz, Piotr"]
[Result "1-0"]
[WhiteElo "2278"]
[BlackElo "2245"]
[PlyCount "39"]
[EventDate "2023.05.16"]
[EventType "swiss (blitz)"]
[EventRounds "11"]
[EventCountry "USA"]
[SourceTitle "CBM 214 Extra"]
[Source "ChessBase"]
[SourceDate "2023.07.31"]
[SourceVersion "1"]
[SourceVersionDate "2023.07.31"]
[SourceQuality "1"]

1. d4 Nf6 2. Nc3 d5 3. Bf4 a6 4. e3 c5 5. dxc5 Nc6 6. Nf3 Bg4 7. h3 Bxf3 8. Qxf3 e6 9. e4 Nd4 10. Qd3 dxe4 11. Nxe4 Nxe4 12. Qxe4 f5 13. Qd3 Bxc5 14. 0-0-0 0-0 15. Be3 e5 16. Qc4+ Kh8 17. Qxc5 Rc8 18. Qxe5 Rxc2+ 19. Kb1 Rxb2+ 20. Ka1 1-0

[Event "Titled Tuesday intern op 16th May Late"]
[Site "Chess.com INT"]
[Date "2023.05.16"]
[Round "1"]
[White "Karimov, Alisher"]
[Black "Rose, Felix"]
[Result "1-0"]
[WhiteElo "2278"]
[BlackElo "2091"]
[PlyCount "121"]
[EventDate "2023.05.16"]
[EventType "swiss (blitz)"]
[EventRounds "11"]
[EventCountry "USA"]
[SourceTitle "CBM 214 Extra"]
[Source "ChessBase"]
[SourceDate "2023.07.31"]
[SourceVersion "1"]
[SourceVersionDate "2023.07.31"]
[SourceQuality "1"]

1. d4 Nf6 2. Nc3 d5 3. Bf4 c5 4. e3 cxd4 5. exd4 a6 6. Bd3 Nc6 7. Nce2 Qb6 8. Rb1 Bg4 9. c3 e6 10. h3 Bh5 11. Qc2 Rc8 12. Qd2 Be7 13. Ng3 Bg6 14. Nf3 Bxd3 15. Qxd3 Qa5 16. a3 b5 17. 0-0 Qb6 18. Ne5 a5 19. Rfe1 0-0 20. Bg5 Rfd8 21. Qe2 b4 22. axb4 axb4 23. Nxf7 Kxf7 24. Qxe6+ Kf8 25. Nf5 Rc7 26. Nh6 gxh6 27. Bxh6+ Ke8 28. Qxf6 Rb8 29. Re6 Kd7 30. Qf5 Nxd4 31. Qxd5+ Bd6 32. cxd4 Re8 33. Rbe1 Rxe6 34. Qxe6+ Kc6 35. Rc1+ Kb7 36. Rxc7+ Qxc7 37. Be3 b3 38. g3 Qc6 39. Qxb3+ Kc8 40. Qc3 Qxc3 41. bxc3 Kd7 42. c4 Ke6 43. c5 Bb8 44. Kg2 Kd5 45. Kf3 Bc7 46. h4 Bd8 47. h5 Bf6 48. g4 Bh4 49. Kf4 Ke6 50. Ke4 Bf6 51. f4 Kd7 52. g5 Be7 53. h6 Bf8 54. d5 Bxc5 55. Bxc5 Ke8 56. g6 hxg6 57. h7 Kf7 58. h8Q g5 59. Qf8+ Kg6 60. Qf5+ Kh5 61. Qxg5# 1-0

[Event "Titled Tuesday intern op 16th Aug Early"]
[Site "Chess.com INT"]
[Date "2022.08.16"]
[Round "6"]
[White "Bintang, Rasyid A Hidayat"]
[Black "Karimov, Alisher"]
[Result "1-0"]
[WhiteElo "1820"]
[BlackElo "2234"]
[PlyCount "93"]
[EventDate "2022.08.16"]
[EventType "swiss (blitz)"]
[EventRounds "11"]
[EventCountry "USA"]
[SourceTitle "EXT 2023"]
[Source "ChessBase"]
[SourceDate "2022.10.05"]
[SourceVersion "1"]
[SourceVersionDate "2022.10.05"]
[SourceQuality "1"]

1. d4 Nf6 2. Bf4 g6 3. Nc3 Bg7 4. e4 d6 5. Qd2 0-0 6. 0-0-0 a6 7. f3 b5 8. Bh6 b4 9. Nb1 a5 10. h4 a4 11. h5 b3 12. cxb3 axb3 13. a3 Nxh5 14. Rxh5 Bxh6 15. Rxh6 Ba6 16. Bxa6 Nxa6 17. Nh3 f6 18. Rh1 Rf7 19. Nf4 e5 20. Nxg6 c5 21. dxe5 dxe5 22. Qxd8+ Rxd8 23. Nxe5 Rg7 24. Ng4 Kf8 25. Rxf6+ Ke8 26. Rxa6 Rgd7 27. Re6+ Kf8 28. Ne5 Rd4 29. Nc3 Rd2 30. Rf6+ Kg8 31. Nd5 Rc2+ 32. Kb1 c4 33. Rf7 Re8 34. Rf6 c3 35. Nxc3 Rd8 36. Rd1 Rc8 37. Rfd6 Rxg2 38. Rd8+ Rxd8 39. Rxd8+ Kg7 40. Rd1 Kf6 41. Ng4+ Kg5 42. Nd5 h5 43. Nge3 Re2 44. Rg1+ Kh6 45. Nf5+ Kh7 46. Nf6+ Kh8 47. Rg8# 1-0

[Event "Titled Tuesday intern op 16th Aug Early"]
[Site "Chess.com INT"]
[Date "2022.08.16"]
[Round "3"]
[White "Bolanos, Fernando"]
[Black "Karimov, Alisher"]
[Result "0-1"]
[WhiteElo "2258"]
[BlackElo "2234"]
[PlyCount "88"]
[EventDate "2022.08.16"]
[EventType "swiss (blitz)"]
[EventRounds "11"]
[EventCountry "USA"]
[SourceTitle "EXT 2023"]
[Source "ChessBase"]
[SourceDate "2022.10.05"]
[SourceVersion "1"]
[SourceVersionDate "2022.10.05"]
[SourceQuality "1"]

1. e4 c5 2. Nf3 Nc6 3. d4 cxd4 4. Nxd4 Nf6 5. Nc3 d6 6. Be2 Bd7 7. 0-0 e6 8. Be3 Be7 9. Nb3 0-0 10. Qd2 a6 11. a3 b5 12. Rad1 Qc7 13. f4 Rac8 14. Kh1 Rfe8 15. g4 Red8 16. Rg1 Be8 17. Bf3 d5 18. e5 Ne4 19. Qe1 Nxc3 20. Qxc3 b4 21. axb4 Bxb4 22. Qd3 d4 23. Nxd4 Nxd4 24. Bxd4 Qxc2 25. Qxc2 Rxc2 26. Bc3 Rb8 27. Rg2 Rxg2 28. Kxg2 Bxc3 29. bxc3 Kf8 30. c4 Rb2+ 31. Kg3 Rc2 32. Ra1 Rxc4 33. Rxa6 Rc3 34. h4 g6 35. h5 Bb5 36. Ra2 Bc6 37. Rf2 gxh5 38. gxh5 Kg7 39. Kg2 Rxf3 40. Rxf3 Kh6 41. Kg3 Bxf3 42. Kxf3 Kxh5 43. Kg3 Kg6 44. Kg4 h5+ 0-1

[Event "Titled Tuesday intern op 16th Aug Early"]
[Site "Chess.com INT"]
[Date "2022.08.16"]
[Round "2"]
[White "Karimov, Alisher"]
[Black "Lagno, Kateryna"]
[Result "0-1"]
[WhiteElo "2234"]
[BlackElo "2547"]
[PlyCount "68"]
[EventDate "2022.08.16"]
[EventType "swiss (blitz)"]
[EventRounds "11"]
[EventCountry "USA"]
[SourceTitle "EXT 2023"]
[Source "ChessBase"]
[SourceDate "2022.10.05"]
[SourceVersion "1"]
[SourceVersionDate "2022.10.05"]
[SourceQuality "1"]

1. d4 Nf6 2. c4 g6 3. Nc3 d5 4. cxd5 Nxd5 5. e4 Nxc3 6. bxc3 Bg7 7. Be3 c5 8. Nf3 Qa5 9. Qd2 cxd4 10. cxd4 Qxd2+ 11. Kxd2 0-0 12. Rc1 Nc6 13. Bc4 Rd8 14. d5 Na5 15. Bd3 e6 16. Bg5 f6 17. Bf4 e5 18. Be3 Bf8 19. Ke2 Bd7 20. h4 h6 21. Bd2 b6 22. Rc2 Nb7 23. Rb1 Nc5 24. Be3 Nxd3 25. Kxd3 f5 26. Nxe5 fxe4+ 27. Ke2 Bf5 28. g4 Bc8 29. Rg1 Ba6+ 30. Ke1 Rxd5 31. Nxg6 Bb4+ 32. Bd2 Rad8 33. Nf4 Bxd2+ 34. Rxd2 Rxd2 0-1

[Event "Olympiad-44"]
[Site "Chennai"]
[Date "2022.08.09"]
[Round "11.1"]
[White "Karimov, Alisher"]
[Black "Baburin, Alexander"]
[Result "1/2-1/2"]
[WhiteElo "2234"]
[BlackElo "2400"]
[PlyCount "98"]
[EventDate "2022.07.29"]
[EventType "team-swiss"]
[EventRounds "11"]
[EventCountry "IND"]
[SourceTitle "CBM 210"]
[Source "ChessBase"]
[SourceDate "2022.10.31"]
[SourceVersion "1"]
[SourceVersionDate "2022.10.31"]
[SourceQuality "1"]
[WhiteTeam "Tajikistan"]
[BlackTeam "Ireland"]
[WhiteTeamCountry "TJK"]
[BlackTeamCountry "IRL"]

1. e4 c5 2. Nf3 d6 3. d4 cxd4 4. Nxd4 Nf6 5. Nc3 a6 6. Be3 e5 7. Nb3 Be7 8. f3 Be6 9. Qd2 0-0 10. 0-0-0 Nbd7 11. Kb1 b5 12. g4 Nb6 13. g5 Nh5 14. Na5 Qc7 15. Nd5 Nxd5 16. exd5 Bxd5 17. Qxd5 Qxa5 18. Bd3 Qc7 19. g6 Kh8 20. gxf7 Bf6 21. Be4 Rad8 22. Qd3 d5 23. Bxd5 Rxf7 24. Qe2 Rfd7 25. Be4 Nf4 26. Rxd7 Qxd7 27. Qf2 b4 28. Rc1 Nd5 29. Ka1 Nxe3 30. Qxe3 Qd2 31. Qxd2 Rxd2 32. Rh1 g6 33. a3 bxa3 34. bxa3 Kg7 35. Kb2 Be7 36. Kb3 Rd8 37. Bd3 Rb8+ 38. Ka2 Kf6 39. h4 Bc5 40. h5 Bd4 41. a4 Kg5 42. hxg6 hxg6 43. Rb1 Rxb1 44. Kxb1 Kf4 45. Bxg6 Kxf3 46. Kc1 e4 47. Kd1 a5 48. Bh5+ Ke3 49. Be2 Bc3 1/2-1/2

[Event "Olympiad-44"]
[Site "Chennai"]
[Date "2022.08.06"]
[Round "8.2"]
[White "Goh, Wei Ming Kevin"]
[Black "Karimov, Alisher"]
[Result "1-0"]
[WhiteElo "2453"]
[BlackElo "2234"]
[PlyCount "133"]
[EventDate "2022.07.29"]
[EventType "team-swiss"]
[EventRounds "11"]
[EventCountry "IND"]
[SourceTitle "CBM 210"]
[Source "ChessBase"]
[SourceDate "2022.10.31"]
[SourceVersion "1"]
[SourceVersionDate "2022.10.31"]
[SourceQuality "1"]
[WhiteTeam "Singapore"]
[BlackTeam "Tajikistan"]
[WhiteTeamCountry "SIN"]
[BlackTeamCountry "TJK"]

1. e4 e5 2. Nf3 Nc6 3. Bc4 Nf6 4. d3 Bc5 5. 0-0 0-0 6. c3 d5 7. exd5 Nxd5 8. Re1 Bg4 9. h3 Bh5 10. Nbd2 a6 11. Ne4 Ba7 12. Ng3 Bg6 13. Nxe5 Nxe5 14. Rxe5 Nb6 15. Qf3 Nxc4 16. dxc4 Qd3 17. Qxd3 Bxd3 18. b3 a5 19. Rd5 Rfd8 20. Rxd8+ Rxd8 21. Bf4 Bc2 22. Rc1 Bg6 23. Nf1 c6 24. a3 b5 25. cxb5 cxb5 26. Be3 Bb8 27. Bb6 Re8 28. Bxa5 Bf4 29. Rd1 Bc2 30. Rd4 Bc1 31. a4 bxa4 32. bxa4 h6 33. c4 Bxa4 34. c5 Bc6 35. Ng3 Re5 36. Bb4 Kh7 37. h4 Rd5 38. Rxd5 Bxd5 39. Nf5 Be6 40. Nd4 Bc8 41. c6 Kg6 42. Nb5 Ba6 43. c7 Kh5 44. g3 f5 45. Nd6 f4 46. c8Q Bxc8 47. Nxc8 Kg4 48. Kg2 fxg3 49. fxg3 g5 50. hxg5 Bxg5 51. Be7 Bd2 52. Nd6 Bb4 53. Nf5 Bd2 54. Nd4 Be3 55. Nf3 Kf5 56. Bb4 h5 57. Bd2 Bc5 58. Kh3 Be7 59. Bf4 Bf6 60. Bb8 Bd8 61. Nd4+ Kf6 62. Be5+ Kg6 63. Ne6 Be7 64. Bc7 Bf6 65. Bd8 Be5 66. Nf4+ Kh6 67. Kh4 1-0

[Event "Titled Tuesday intern op 15th June"]
[Site "Chess.com INT"]
[Date "2021.06.15"]
[Round "3"]
[White "Karimov, Alisher"]
[Black "Grot, Blazej"]
[Result "1-0"]
[WhiteElo "2244"]
[BlackElo "1728"]
[PlyCount "61"]
[EventDate "2021.06.15"]
[EventType "swiss (blitz)"]
[EventRounds "11"]
[EventCountry "USA"]
[SourceTitle "CBM 203 Extra"]
[Source "ChessBase"]
[SourceDate "2021.09.30"]
[SourceVersion "1"]
[SourceVersionDate "2021.09.30"]
[SourceQuality "1"]

1. d4 Nf6 2. Nc3 d5 3. f3 e6 4. e4 c5 5. exd5 Nxd5 6. Nxd5 Qxd5 7. dxc5 Qxd1+ 8. Kxd1 Bxc5 9. c3 0-0 10. Kc2 Nc6 11. Ne2 e5 12. Ng3 g6 13. Bc4 h5 14. Ne4 Bb6 15. Bh6 Rd8 16. Nf6+ Kh8 17. Bxf7 Bf5+ 18. Ne4 Kh7 19. Bg5 Rd7 20. Bc4 Bxe4+ 21. fxe4 Rf8 22. Rhf1 Re8 23. Rad1 Rc7 24. Rf7+ Rxf7 25. Bxf7 Rf8 26. Rd7 Nd8 27. Bd5+ Kh8 28. Kb3 a5 29. a4 Nc6 30. Rxb7 Bd8 31. Bh6 1-0

[Event "Titled Tuesday intern op 26th Jan"]
[Site "Chess.com INT"]
[Date "2021.01.26"]
[Round "2"]
[White "Karimov, Alisher"]
[Black "Pridorozhni, Aleksei"]
[Result "0-1"]
[WhiteElo "2222"]
[BlackElo "2580"]
[PlyCount "66"]
[EventDate "2021.01.26"]
[EventType "swiss (blitz)"]
[EventRounds "11"]
[EventCountry "USA"]
[SourceTitle "CBM 200 Extra"]
[Source "ChessBase"]
[SourceDate "2021.03.31"]
[SourceVersion "1"]
[SourceVersionDate "2021.03.31"]
[SourceQuality "1"]

1. d4 d6 2. e4 g6 3. Nc3 Bg7 4. Bg5 a6 5. f4 b5 6. Nf3 Bb7 7. e5 Nd7 8. Bd3 c5 9. exd6 cxd4 10. dxe7 Nxe7 11. Ne4 0-0 12. 0-0 h6 13. Bh4 Rb8 14. f5 Bxe4 15. Bxe4 g5 16. Bg3 Rb6 17. Nxd4 Nc5 18. f6 Rxf6 19. Nf5 Nxf5 20. Bxf5 Qxd1 21. Raxd1 Na4 22. b3 Nc3 23. Rd3 Ne2+ 24. Kh1 Nxg3+ 25. hxg3 Rc6 26. Rd7 Be5 27. g4 Rd6 28. Rxd6 Bxd6 29. Rd1 Be5 30. Rd5 f6 31. Rd7 Re8 32. Ra7 Bg3 33. Bh7+ Kh8 0-1

[Event "Titled Tuesday intern op 06th Oct"]
[Site "Chess.com INT"]
[Date "2020.10.06"]
[Round "4"]
[White "Willow, Jonah B"]
[Black "Karimov, Alisher"]
[Result "1-0"]
[WhiteElo "2386"]
[BlackElo "2222"]
[PlyCount "85"]
[EventDate "2020.10.06"]
[EventType "swiss (blitz)"]
[EventRounds "10"]
[EventCountry "USA"]
[SourceTitle "CBM 198 Extra"]
[Source "ChessBase"]
[SourceDate "2020.11.30"]
[SourceVersion "1"]
[SourceVersionDate "2020.11.30"]
[SourceQuality "1"]

1. e4 c5 2. Nf3 e6 3. d4 cxd4 4. Nxd4 Nc6 5. Nc3 Qc7 6. g3 a6 7. Bg2 Nf6 8. 0-0 Nxd4 9. Qxd4 Bc5 10. Bf4 d6 11. Qd2 e5 12. Bg5 Be6 13. Rad1 Ng4 14. h3 h6 15. hxg4 hxg5 16. Qxg5 Qe7 17. Qxe7+ Kxe7 18. Nd5+ Kd7 19. Bf3 Rh3 20. Kg2 Rah8 21. Be2 Rh2+ 22. Kf3 Kc6 23. b4 Ba7 24. c4 Bd4 25. a4 R2h6 26. a5 Rh2 27. Bd3 f6 28. Rd2 Rc8 29. Rc2 Bxd5 30. exd5+ Kd7 31. Bf5+ Kd8 32. Bxc8 Kxc8 33. c5 Kc7 34. c6 g6 35. cxb7+ Kxb7 36. Rc6 f5 37. gxf5 gxf5 38. Rxd6 e4+ 39. Kf4 Bxf2 40. Kxf5 e3 41. Re6 Bxg3 42. Rxe3 Rh5+ 43. Ke6 1-0

[Event "SCO National Chess Online"]
[Site "Chess.com INT"]
[Date "2020.09.27"]
[Round "6.3"]
[White "Pang, Tao"]
[Black "Karimov, Alisher"]
[Result "0-1"]
[WhiteElo "2427"]
[BlackElo "2222"]
[PlyCount "92"]
[EventDate "2020.09.26"]
[EventType "team (rapid)"]
[EventRounds "9"]
[EventCountry "USA"]
[SourceTitle "CBM 198 Extra"]
[Source "ChessBase"]
[SourceDate "2020.11.30"]
[SourceVersion "1"]
[SourceVersionDate "2020.11.30"]
[SourceQuality "1"]
[WhiteTeam "China II"]
[BlackTeam "Tajikistan "]
[WhiteTeamCountry "CHN"]
[BlackTeamCountry "TJK"]

1. c4 Nf6 2. Nc3 g6 3. e4 d6 4. d4 Bg7 5. Nf3 0-0 6. h3 c5 7. d5 b5 8. cxb5 a6 9. bxa6 Qa5 10. Bd3 Bxa6 11. 0-0 Nbd7 12. Bxa6 Qxa6 13. Qc2 Rfb8 14. Bd2 Nb6 15. b3 Ne8 16. Rab1 c4 17. bxc4 Nxc4 18. Rxb8 Rxb8 19. Rb1 Rc8 20. Qd3 Qa7 21. Be1 Nf6 22. Rb4 Qc5 23. Rb5 Qa7 24. Nd4 Ne5 25. Qd1 Nfd7 26. Rb4 Nc5 27. Nde2 Ned3 28. Rb1 Qa3 29. f3 Nxe1 30. Qxe1 Nd3 31. Qd2 Qc5+ 32. Kh2 Be5+ 33. f4 Nxf4 34. Nxf4 Qxc3 35. Qxc3 Rxc3 36. g3 Rc2+ 37. Kg1 Rxa2 38. Kf1 Ra4 39. Re1 h5 40. h4 Ra2 41. Re3 Bxf4 42. gxf4 Rh2 43. e5 Rxh4 44. exd6 exd6 45. Re8+ Kg7 46. Rd8 Rxf4+ 0-1

[Event "SCO National Chess Online"]
[Site "Chess.com INT"]
[Date "2020.09.26"]
[Round "5.4"]
[White "Karimov, Alisher"]
[Black "Sibt, Ali"]
[Result "1-0"]
[WhiteElo "2222"]
[BlackElo "2071"]
[PlyCount "67"]
[EventDate "2020.09.26"]
[EventType "team (rapid)"]
[EventRounds "9"]
[EventCountry "USA"]
[SourceTitle "CBM 198 Extra"]
[Source "ChessBase"]
[SourceDate "2020.11.30"]
[SourceVersion "1"]
[SourceVersionDate "2020.11.30"]
[SourceQuality "1"]
[WhiteTeam "Tajikistan "]
[BlackTeam "Pakistan "]
[WhiteTeamCountry "TJK"]
[BlackTeamCountry "PAK"]

1. d4 Nf6 2. Nf3 e6 3. e3 b6 4. Bd3 Bb7 5. 0-0 d5 6. c3 Bd6 7. Nbd2 0-0 8. Re1 Ne4 9. Ne5 f6 10. Bxe4 dxe4 11. Nec4 f5 12. Nf1 Nd7 13. b3 Qh4 14. Nxd6 cxd6 15. Ba3 Qe7 16. c4 Rad8 17. Rc1 e5 18. d5 Rf6 19. Ng3 Rdf8 20. Qd2 Rh6 21. h3 Bc8 22. b4 Ba6 23. Rc3 Qg5 24. c5 Bd3 25. Rxd3 exd3 26. c6 Nf6 27. Qxd3 f4 28. exf4 exf4 29. Nf5 Rh5 30. Ne7+ Kh8 31. c7 Nxd5 32. c8Q Rxc8 33. Nxc8 Qd8 34. Nxd6 1-0